Review of the state of the world fishery resources : (Record no. 16100)

000 -LEADER
fixed length control field 00732cam a22002177a 4500
020 ## - INTERNATIONAL STANDARD BOOK NUMBER
ISBN 9789251070789 (pbk.)
020 ## - INTERNATIONAL STANDARD BOOK NUMBER
ISBN 9251070784 (pbk.)
040 ## - CATALOGING SOURCE
Transcribing agency IWA
082 04 - DEWEY DECIMAL CLASSIFICATION NUMBER
Classification number 639 FOO 2011 A083 Or,
100 1# - MAIN ENTRY--AUTHOR NAME
Personal name Welcomme, R. L.
245 10 - TITLE STATEMENT
Title Review of the state of the world fishery resources :
Remainder of title inland fisheries /
246 30 - VARYING FORM OF TITLE
Title proper/short title Inland fisheries
260 ## - PUBLICATION, DISTRIBUTION, ETC. (IMPRINT)
Place of publication Rome :
Name of publisher Food and Agriculture Organization of the United Nations,
Year of publication 2011.
300 ## - PHYSICAL DESCRIPTION
Number of Pages x, 97 p. :
Other physical details ill. (some col.) ;
Dimensions 30 cm.
490 1# - SERIES STATEMENT
Series statement FAO fisheries and aquaculture circular,
500 ## - GENERAL NOTE
General note "FIRF/C942, Rev. 2 (En)."
650 #0 - SUBJECT ADDED ENTRY--TOPICAL TERM
Topical Term Fishery resources
650 #0 - SUBJECT ADDED ENTRY--TOPICAL TERM
Topical Term Fisheries
710 2# - ADDED ENTRY--CORPORATE NAME
Corporate name or jurisdiction name as entry element Food and Agriculture Organization of the United Nations.
942 ## - ADDED ENTRY ELEMENTS (KOHA)
Koha item type សៀវភៅភាសាអង់គ្លេស
952 ## - LOCATION AND ITEM INFORMATION (KOHA)
Withdrawn status [LOCAL, KOHA] 0
Holdings
Permanent Location Date acquired Koha item type Lost status Shelving location Barcode Current Location Full call number
Library Block A2018-01-10សៀវភៅភាសាអង់គ្លេស A083RUA059211Library Block A639 FOO 2011 A083 Or,
មជ្ឈមណ្ឌលឯការនៃសាកលវិទ្យាល័យភូមិន្ទកសិកម្មចំការដូង

Powered by Koha